Fenerbahçe Futbolcuları - Armageddon - Statistics

General Stats
  • This quiz has been taken 956 times
    783 since last reset
  • The average score is 14 of 50
Answers on the Grid
Answers color-coded by a green-red scale on the quiz's grid according to % correct below.
Alex de Souza
Harry Kewell
Diego Lugano
Miroslav Stoch
Colin Kâzım-Richards
Ján Ďurica
Alper Potuk
Moussa Sow
Souleymane Youla
Mateja Kežman
Bogdan Stancu
Ryan Donk
Stephen Appiah
Ibrahim Yattara
Dirk Kuyt
Volkan Demirel
Fatih Tekke
Daniel Amokachi
Robin van Persie
Deivid
Mathieu Valbuena
Gökhan Töre
Lukas Podolski
Mesut Özil
Gheorghe Popescu
Dušan Tadić
Alexandru Epureanu
Nicolas Anelka
Semih Şentürk
Joleon Lescott
Fernando Morientes
Roberto Carlos
Enner Valencia
Marcus Berg
Rivaldo
Mert Nobre
Kerim Frei
Hakan Ünsal
Raul Meireles
Bruno Alves
Tuncay Şanlı
Umut Bulut
Mehmet Nas
Pierre van Hooijdonk
Mahmut Tekdemir
Kostas Mitroğlu
Youssef El-Arabi
Cristian Baroni
Gary Medel
Jeremain Lens
Mehmet Topuz
Domagoj Vida
Veli Kavlak
Ferdi Kadıoğlu
Selçuk Yula
Wesley Sneijder
Elvir Bolić
Saffet Sancaklı
Ryan Babel
Martin Škrtel
Lamine Diarra
Guti
Can Bartu
Radamel Falcao
Alex Telles
Rüştü Reçber
Edin Džeko
Nuri Şahin
Ibrahim Šehić
Ozan Tufan
Edin Višća
Rodrigo Tello
Jay-Jay Okocha
Tugay Kerimoğlu
Ümit Karan
Kerem Aktürkoğlu
Samet Aybaba
Haim Revivo
Arouna Koné
Emmanuel Emenike
Robinho
Dries Mertens
Emre Belözoğlu
John Moshoeu
İlhan Mansız
Aykut Kocaman
Ergün Penbe
Fatih Akyel
Ümit Özat
Gökhan Gönül
Uche Okechukwu
Recep Çetin
Mehmet Topal
Selçuk İnan
Caner Erkin
Sabri Sarıoğlu
Mehmet Aurelio
Óscar Cardozo
Tayfun Korkut
 
Answer Stats
Answer % Correct
Alex de Souza
75%
Alper Potuk
57%
Diego Lugano
56%
Miroslav Stoch
54%
Volkan Demirel
53%
Moussa Sow
51%
Robin van Persie
50%
Mateja Kežman
48%
Dirk Kuyt
47%
Colin Kâzım-Richards
46%
Stephen Appiah
44%
Nicolas Anelka
42%
Mesut Özil
38%
Dušan Tadić
36%
Enner Valencia
35%
Mathieu Valbuena
35%
Roberto Carlos
35%
Semih Şentürk
34%
Bruno Alves
31%
Deivid
31%
Tuncay Şanlı
30%
Raul Meireles
29%
Mert Nobre
27%
Pierre van Hooijdonk
27%
Cristian Baroni
26%
Edin Džeko
25%
Ozan Tufan
23%
Kerem Aktürkoğlu
22%
Caner Erkin
20%
Aykut Kocaman
19%
Emre Belözoğlu
19%
Jay-Jay Okocha
19%
Gökhan Gönül
18%
Mehmet Topuz
18%
Ferdi Kadıoğlu
17%
Mehmet Aurelio
17%
Emmanuel Emenike
16%
Mehmet Topal
16%
Ümit Özat
16%
Can Bartu
15%
Uche Okechukwu
15%
Martin Škrtel
14%
Rüştü Reçber
14%
Elvir Bolić
13%
Selçuk Yula
12%
Haim Revivo
8%
Saffet Sancaklı
7%
Fatih Akyel
5%
John Moshoeu
2%
Tayfun Korkut
2%
No matching quizzes found
Score Distribution
Percent of People with Each Score
Percentile by Number Answered
Your Score History
You have not taken this quiz since the last reset